L'erede di Hastur /

में बचाया:
ग्रंथसूची विवरण
मुख्य लेखक: Bradley, Marion Zimmer (लेखक)
स्वरूप: पुस्तक
भाषा:इतालवी
प्रकाशित: Milano : Nord, 1989
संस्करण:2. ed
श्रृंखला:Collana di narrativa Nord ; 1
टैग: टैग जोड़ें
कोई टैग नहीं, इस रिकॉर्ड को टैग करने वाले पहले व्यक्ति बनें!

MARC

LEADER 00000nam a2200000 i 4500
001 IT\ICCU\RAV\0112442
003 ItRI
005 20260115232350.0
008 901015s1989 it |||||| ||||| |||||c
040 |b ita  |c importazione bologna sebina 
041 7 |a ita  |2 ISO-639-2 
082 |a 813.54  |9 Letteratura americana in inglese. Narrativa. 1945-  |2 20 
100 1 |a Bradley, Marion Zimmer  |0 IT\ICCU\CFIV\039273  |4 aut 
240 1 4 |a The heritage of Hastur. -  |3 IT\ICCU\RAV\0063285  |9 Bradley, Marion Zimmer 
245 1 2 |a L'erede di Hastur /  |c Marion Zimmer Bradley. 
250 |a 2. ed 
260 |a Milano :  |b Nord,  |c 1989 
300 |a 373 p. ;  |c 22 cm 
500 |a Trad. di Roberta Rambelli. 
790 1 |a Zimmer Bradley, Marion  |3 IT\ICCU\CFIV\085142  |z Bradley, Marion Zimmer 
790 1 |a Bradley, M. Zimmer  |3 IT\ICCU\CFIV\372184  |z Bradley, Marion Zimmer 
830 0 |a Collana di narrativa Nord ;  |v 1  |0 IT\ICCU\CFI\0170125 
942 |2 ddc  |c BK  |n 0 
952 |0 0  |1 0  |4 0  |6 DOC_813_540000000000000_ZIM  |7 0  |9 24865  |a BO  |b BO  |d 2026-01-15  |i 20026  |l 0  |o DOC 813.54 ZIM  |p BO20026  |r 2026-01-15 23:23:50  |w 2026-01-15  |x [Sebina 5] [1 v.]  |y BK  |z 1 v. 
999 |c 21133  |d 21133